Diseño de un sistema integral de gestión de los recursos para el centro de distribución de un operador logístico
Na minha lista:
| Autor principal: | |
|---|---|
| Outros Autores: | , |
| Formato: | Livro |
| Publicado em: |
[San José, Costa Rica]
2005
|
| Assuntos: | |
| Tags: |
Adicionar Tag
Sem tags, seja o primeiro a adicionar uma tag!
|
MARC
| LEADER | 00000nam a2200000Ia 4500 | ||
|---|---|---|---|
| 003 | 009440 | ||
| 005 | 20221231144134.0 | ||
| 008 | 140114s2005 cr a m 000 ||s d | ||
| 040 | |c cru CEDI | ||
| 090 | |a TFG 4983 | ||
| 100 | |a Arce Montero, María Teyté |9 6226 | ||
| 245 | |a Diseño de un sistema integral de gestión de los recursos para el centro de distribución de un operador logístico | ||
| 260 | |c 2005 |a [San José, Costa Rica] | ||
| 300 | |a xv, 200, [4] hojas : ilustraciones a color | ||
| 500 | |a Proyecto de graduación (licenciatura en ingeniería industrial)--Universidad de Costa Rica. Facultad de Ingeniería. Escuela de Ingeniería Industrial | ||
| 650 | |x LAMBDA (COSTA RICA) |x ALMACENES |x ADMINISTRACION |x OFERTA Y DEMANDA |x SERVICIO AL CLIENTE |x MERCADEO |x INVESTIGACIONES |x CAMBIO ORGANIZACIONAL |9 6229 | ||
| 700 | |9 6227 |a Pérez Chaves, Arturo | ||
| 700 | |9 6228 |a Romero Gallegos, Gimena | ||
| 942 | |c TFG | ||
| 999 | |c 17440 |d 17440 | ||
